Statistics for Spongebob Squarepants Trivia

Click here to take the quiz!

General Stats

  • This quiz has been taken 1,959 times
  • The average score is 8 of 11

Answer Stats

HintAnswer% Correct
Spongebob's Best FriendPatrick
99%
Spongebob's Pet SnailGary
98%
Spongebob's Squirrel FriendSandy
98%
Spongebob's Annoying NeighborSquidward
97%
Spongebob's BossMr. Krabs
96%
Spongebob's House is What FruitPineapple
95%
Spongebob's Job Involves MakingKrabby Patties
82%
Spongebob Says This On His Way To WorkI'm Ready
78%
Spongebob's Friend Larry is aLifeguard
56%
Spongebob's Cousin NameStanely
10%
Spongebob Goes To ___ in the Spongebob MovieRock Bottom
7%

Score Distribution

Percentile by Number Answered

Percent of People with Each Score

Your Score History

You have not taken this quiz